000 00342nam a2200133Ia 4500
008 210210b1983 xxu||||| |||| 00| 0 eng d
082 _aS891.5 SHAS
100 _aSHASTRI (Su Narayanasvami).
245 _aSaundarya lahari.
260 _aMaisuru
_bVishvavidyanilaya
_c1983
300 _a202
690 _aSanskrit Darshana
906 _aSG02473
999 _c113446
_d113446